000 00787nam a2200229 i 4500
001 133520
003 ES-MaACL
005 20240223063030.0
007 t|
008 070820s1943 xxu ||||1| eng d
080 _a32(430)"1918/33"
100 1 _aHitler, Adolf,
_d1889-1945
_963836
245 1 0 _aMein Kampf /
_cby Adolf Hitler ; translated by Ralph Manheim.
260 _aBoston :
_bHoughton Mifflin,
_c[1943]
300 _a694 p. ;
_c21 cm.
490 1 _aSentry editons ;
_v13
610 2 4 _aPartido Nacionalsocialista Obrero Alemán.
_9169912
651 4 _aAlemania-
_xPolítica y gobierno-
_y1918-1933.
_9163667
830 1 _aSentry editons ;
_v13
_9219745
852 _aES-MaACL
_jE-11966
_z- Biblioteca Jacinto Martínez Lacalle
999 _c133520
_d133520